Suma de teología III Parte II-II(a) (Suma teológica)

La Suma de Teología es un tratado de teología cristiana, obra magna del aquinate, escrita en sus últimos años de vida en el siglo XIII, en la cual se exponen de manera extensa los fundamentos y contenidos esenciales de la doctrina cristiana a partir de quaestiones. Este libro corresponde al III terc...

Olles dieđut

Furkejuvvon:
Bibliográfalaš dieđut
Váldodahkki: Aquino, Santo Tomás de
Materiálatiipa: Girji
Giella:Undetermined
Almmustuhtton: Madrid, España Biblioteca de Autores Cristianos 1995
Fáttát:
Fáddágilkorat: Lasit fáddágilkoriid
Eai fáddágilkorat, Lasit vuosttaš fáddágilkora!

MARC

LEADER 00000nam a2200000Ia 4500
008 170316s9999 xx 000 0 und d
040 |a cru BVZT 
090 |a 100 A-31su v.3 
100 |a Aquino, Santo Tomás de  |9 906 
245 |a Suma de teología III   |c / Santo Tomás de Aquino  |b Parte II-II(a) (Suma teológica) 
260 |a Madrid, España 
260 |b Biblioteca de Autores Cristianos 
260 |c 1995 
300 |a 612 páginas, Vol. 3 
520 |a La Suma de Teología es un tratado de teología cristiana, obra magna del aquinate, escrita en sus últimos años de vida en el siglo XIII, en la cual se exponen de manera extensa los fundamentos y contenidos esenciales de la doctrina cristiana a partir de quaestiones. Este libro corresponde al III tercer tomo con las parte II-II(a) que contiene 79 cuestiones, en las que se desarrollan temas de carácter ético, dando inicio con un Tratado sobre la fe, al que le siguen otra serie de tratados: de la esperanza, de la caridad, de la prudencia y sobre la virtud de la justicia. 
650 |a FILOSOFÍA  |9 5 
650 |a FILOSOFÍA PATRíSTICA  |9 924 
650 |a TEOLOGÍA  |9 363 
650 |a SUMA TEOLÓGICA  |9 914 
999 |c 15517  |d 15517 
942 |c SALA  |h 100 A-31su v.3  |2 z